000 00503cab a2200181 4500
001 ABS39430
008 090401t1988 xxu||||| |||| 00| 0 eng d
035 _a(Sirsi) u16648
041 _aeng
245 _aSurrey
260 _c1988
350 _a0
490 _aShop Property
_vJune 1988, 32-36(5)
520 _aBriefly reports on the retail market in Kingston-upon-Thames , Guildford , Epsom , Woking and Croydon .
690 _aPROPERTY-COMMERCIAL PROPERTY
942 _n0
948 _c04/03/1997
999 _c10990
_d10990